Cybernetica revue de l'Association Internationale de Cybernétique
Enregistré dans:
| Format: | Publication en série |
|---|---|
| Langue: | français |
| Publié: |
Namur
Association internationale de cybernétique
1973
|
| Tags: |
Pas de tags, Soyez le premier à ajouter un tag!
|
MARC
| LEADER | 00000nas2a22000001 4500 | ||
|---|---|---|---|
| 001 | 0009609 | ||
| 005 | 20250730114242.6 | ||
| 041 | 0 | |a fre | |
| 044 | |a BE | ||
| 245 | 1 | 0 | |a Cybernetica |b revue de l'Association Internationale de Cybernétique |
| 264 | 1 | |a Namur |b Association internationale de cybernétique |c 1973 | |
| 300 | |a 1 zv. | ||
| 773 | 0 | |w eu_un_cat*s120602 | |